000 00572nam a2200217Ii 4500
003 JO-AjNU
008 230606s9999||||xx |||||||||||||| ||und||
020 _a81-88458-01-5
040 _aJO-AjNU
_beng
_erda
_cJO-AjNU
041 _aeng
050 1 4 _aQA39.2.2009
100 3 _aGupta,Anjana,
_eauthor
_9238
245 0 0 _aDiscrete Mathematics
250 _a2 ed
264 3 1 _aS.K KATARIA SONS:2009
300 _a434p
336 _atext
_btxt
_2rdacontent
337 _aunmediated
_bn
_2rdamedia
338 _avolume
_bnc
_2rdacarrier
650 4 _aDiscrete Mathematics
_9239
999 _aE125
_c125
_d125